[Event "4. Magistral Internacional de Pinamar"]
[Site "Pinamar ARG"]
[Date "2006.11.25"]
[Round "7.6"]
[White "Giaccio, Alfredo"]
[Black "Cordova, Emilio"]
[Result "0-1"]
[WhiteElo "2462"]
[BlackElo "2482"]
[PlyCount "136"]
[EventDate "2006.11.20"]
[EventType "tourn"]
[EventRounds "11"]
[EventCountry "ARG"]
[EventCategory "7"]
[Source "lmi"]
[SourceDate "2006.11.20"]

1. e4 e6 2. d4 d5 3. Nc3 Nf6 4. Bg5 dxe4 5. Nxe4 Be7 6. Bxf6 Bxf6 7. Nf3 Nd7 8.
Qd3 Be7 9. O-O-O O-O 10. h4 c5 11. Nfg5 h6 12. f4 cxd4 13. Nf3 f5 14. Nf2 Qc7
15. Qd2 Nb6 16. Ne5 Rd8 17. g4 Nd5 18. gxf5 Bb4 19. Qe2 exf5 20. Qc4 Be6 21.
Qxc7 Nxc7 22. Bc4 Bxc4 23. Nxc4 Nd5 24. Nd3 Rac8 25. Nce5 Bd6 26. Rde1 Rc7 27.
Ng6 Kh7 28. h5 Nf6 29. Re6 Ne4 30. Rg1 Nf6 31. Rh1 Kg8 32. Rxf6 gxf6 33. Nh4
Bf8 34. Nxf5 Rd5 35. Ng3 Rg7 36. Rh3 Bd6 37. Kd1 f5 38. Ke2 Re7+ 39. Kf3 Re3+
40. Kf2 Kf7 41. Rh1 Kf6 42. Rg1 Rxd3 43. cxd3 Bxf4 44. Kf3 Be3 45. Rg2 Rc5 46.
Ne2 Rc2 47. Rg6+ Kf7 48. Rd6 Rxb2 49. Nxd4 Bxd4 50. Rxd4 Kf6 51. Rd7 Kg5 52. a4
a5 53. Rg7+ Kxh5 54. Kf4 Rf2+ 55. Ke3 Ra2 56. Kf4 Rxa4+ 57. Kxf5 b5 58. Rb7 Rb4
59. d4 a4 60. d5 a3 61. Ra7 Ra4 62. Rxa4 bxa4 63. d6 a2 64. d7 a1=Q 65. d8=Q
Qb1+ 66. Kf4 Qf1+ 67. Kg3 Qg1+ 68. Kf3 Qg4+ 0-1

[Event "4. Magistral Internacional de Pinamar"]
[Site "Pinamar ARG"]
[Date "2006.11.26"]
[Round "8.1"]
[White "Hungaski, Robert Andrew"]
[Black "Cubas, Jose Fernando"]
[Result "1-0"]
[WhiteElo "2366"]
[BlackElo "2426"]
[PlyCount "89"]
[EventDate "2006.11.20"]
[EventType "tourn"]
[EventRounds "11"]
[EventCountry "ARG"]
[EventCategory "7"]
[Source "lmi"]
[SourceDate "2006.11.20"]

1. Nf3 Nf6 2. d4 d5 3. c4 e6 4. Nc3 Nbd7 5. Bg5 Be7 6. e3 O-O 7. cxd5 exd5 8.
Qc2 c6 9. Bd3 Re8 10. O-O Nf8 11. Bxf6 Bxf6 12. b4 Be7 13. b5 Bd6 14. bxc6 bxc6
15. Bf5 g6 16. Bxc8 Rxc8 17. Na4 Ne6 18. Rab1 Rc7 19. Rfc1 f5 20. g3 Qf6 21.
Kh1 g5 22. Qd3 Nd8 23. Rb8 f4 24. exf4 gxf4 25. g4 Rg7 26. g5 Qe6 27. Rb3 Qe4
28. h4 Qxd3 29. Rxd3 Re2 30. Rd2 Rxd2 31. Nxd2 Re7 32. Nc3 Ne6 33. Nf3 Rb7 34.
Rc2 Rb4 35. Rd2 Kg7 36. Kg2 Kg6 37. Ne2 Kf5 38. Rc2 Rb6 39. Nc1 Kg4 40. Nd3 Ng7
41. Re2 Rb7 42. Re1 Rb6 43. h5 Kf5 44. h6 Nh5 45. Kh3 1-0

[Event "4. Magistral Internacional de Pinamar"]
[Site "Pinamar ARG"]
[Date "2006.11.26"]
[Round "8.2"]
[White "Giardelli, Sergio C"]
[Black "Lemos, Damian"]
[Result "0-1"]
[WhiteElo "2413"]
[BlackElo "2371"]
[PlyCount "84"]
[EventDate "2006.11.20"]
[EventType "tourn"]
[EventRounds "11"]
[EventCountry "ARG"]
[EventCategory "7"]
[Source "lmi"]
[SourceDate "2006.11.20"]

1. c4 d6 2. g3 g6 3. Bg2 Bg7 4. Nc3 e5 5. Rb1 f5 6. d3 Nf6 7. Nf3 O-O 8. O-O a5
9. a3 h6 10. b4 Nc6 11. b5 Ne7 12. a4 Be6 13. Qc2 b6 14. Nd2 Rc8 15. f4 exf4
16. gxf4 d5 17. c5 d4 18. Nd1 Ned5 19. Nc4 Nh5 20. Qd2 Nc3 21. Nxc3 dxc3 22.
Qc2 Bxc4 23. dxc4 Qd4+ 24. Kh1 Qxc5 25. Qd3 Rcd8 26. Bd5+ Kh7 27. Be3 Qe7 28.
Bd4 Bxd4 29. Qxd4 Nf6 30. Rbc1 Ng4 31. Qxc3 Qxe2 32. Qg3 Rfe8 33. Bf3 Qd2 34.
Bxg4 fxg4 35. f5 gxf5 36. Qxc7+ Rd7 37. Qxb6 Re2 38. Qg1 Qd3 39. Qg3 Qe4+ 40.
Kg1 Rdd2 41. Rfe1 Rg2+ 42. Kf1 Qd3+ 0-1

[Event "4. Magistral Internacional de Pinamar"]
[Site "Pinamar ARG"]
[Date "2006.11.26"]
[Round "8.3"]
[White "Kovalyov, Anton"]
[Black "Jonkman, Harmen"]
[Result "1/2-1/2"]
[WhiteElo "2381"]
[BlackElo "2430"]
[PlyCount "193"]
[EventDate "2006.11.20"]
[EventType "tourn"]
[EventRounds "11"]
[EventCountry "ARG"]
[EventCategory "7"]
[Source "lmi"]
[SourceDate "2006.11.20"]

1. c4 e6 2. g3 d5 3. Bg2 dxc4 4. Qa4+ Nd7 5. Qxc4 c5 6. Nf3 Ngf6 7. O-O Bd6 8.
d4 a6 9. dxc5 Bxc5 10. b4 Be7 11. Rd1 b5 12. Qb3 Bb7 13. Nc3 Rc8 14. Bg5 h6 15.
Bxf6 Bxf6 16. Rac1 Rc7 17. Nd2 Bxg2 18. Kxg2 Qc8 19. Nce4 Be7 20. Rxc7 Qxc7 21.
a4 O-O 22. axb5 axb5 23. Nf3 Ne5 24. Nc3 Nxf3 25. exf3 Qc6 26. Ne2 Ra8 27. Nd4
Qb7 28. Nxe6 Bxb4 29. Nxg7 Ra3 30. Qxb4 Qxf3+ 31. Kh3 Qxd1 32. Qxa3 Qf1+ 33.
Kh4 Qc4+ 34. Kh5 Kxg7 35. Qa1+ f6 36. Qb1 Qf7+ 37. Kh4 Qc4+ 38. f4 b4 39. Qf5
b3 40. Qd7+ Kf8 41. Qd8+ Kf7 42. Qd7+ Kf8 43. Qd8+ Kg7 44. Qd7+ Qf7 45. Qg4+
Kh8 46. Qc8+ Kh7 47. Qf5+ Kg8 48. Qc8+ Kg7 49. Qg4+ Kf8 50. Qc8+ Qe8 51. Qc5+
Qe7 52. Qb6 Qf7 53. f5 h5 54. Qb5 Kg7 55. Kh3 Kh6 56. Kg2 h4 57. gxh4 Qg8+ 58.
Kh3 Kg7 59. Qb7+ Qf7 60. Qb6 Kh7 61. Kg2 Qg8+ 62. Kf2 Kh6 63. h3 Kh5 64. Qb4
Qf7 65. Qg4+ Kh6 66. Qf4+ Kh7 67. Qb4 Qa7+ 68. Kf3 Qa8+ 69. Kg3 Qg8+ 70. Kf2
Qf7 71. Ke1 Kg7 72. Kd2 Qd5+ 73. Kc3 Qf3+ 74. Kb2 Qg2+ 75. Kxb3 Qxh3+ 76. Kc2
Qxf5+ 77. Kd2 Qf2+ 78. Kd1 Qf3+ 79. Ke1 Kg6 80. Qc4 Kh6 81. Qd4 Kh5 82. Qc4
Qg3+ 83. Kf1 Qxh4 84. Qf7+ Kg5 85. Qg8+ Kf4 86. Qc4+ Kg3 87. Qd3+ Kg4 88. Qd4+
Kh3 89. Qc3+ Kg4 90. Qc4+ Kg5 91. Qg8+ Kf5 92. Qd5+ Kg4 93. Qc4+ Kh5 94. Qf7+
Kh6 95. Qf8+ Kg6 96. Qg8+ Kh5 97. Qf7+ 1/2-1/2

[Event "4. Magistral Internacional de Pinamar"]
[Site "Pinamar ARG"]
[Date "2006.11.26"]
[Round "8.4"]
[White "Flores, Diego"]
[Black "Rodi, Luis Ernesto"]
[Result "1-0"]
[WhiteElo "2512"]
[BlackElo "2283"]
[PlyCount "73"]
[EventDate "2006.11.20"]
[EventType "tourn"]
[EventRounds "11"]
[EventCountry "ARG"]
[EventCategory "7"]
[Source "lmi"]
[SourceDate "2006.11.20"]

1. Nf3 f5 2. d3 Nf6 3. e4 d6 4. exf5 Bxf5 5. d4 c5 6. Bb5+ Nc6 7. Nc3 Nd7 8. d5
Nb4 9. Ba4 Bg4 10. h3 Bxf3 11. Qxf3 Qc7 12. a3 Na6 13. Bb5 O-O-O 14. Bxa6 bxa6
15. O-O g6 16. Ne4 Bg7 17. Ng5 Rdf8 18. Qe2 Qb6 19. Ne6 Rf7 20. Rb1 Qb5 21. c4
Qb3 22. Ng5 Rf5 23. Ne6 Re5 24. Qd2 Rxe6 25. dxe6 Nb6 26. Qe2 Nxc4 27. Bg5 Re8
28. Rfc1 Nb6 29. Qxa6+ Kb8 30. Qe2 h6 31. Bd2 Rf8 32. Bc3 Bf6 33. Re1 Kc7 34.
Rbc1 Bg5 35. Rcd1 Nd5 36. Rd3 Nf4 37. Ba5+ 1-0

[Event "4. Magistral Internacional de Pinamar"]
[Site "Pinamar ARG"]
[Date "2006.11.26"]
[Round "8.5"]
[White "Rodriguez, Andres"]
[Black "Giaccio, Alfredo"]
[Result "0-1"]
[WhiteElo "2496"]
[BlackElo "2462"]
[PlyCount "64"]
[EventDate "2006.11.20"]
[EventType "tourn"]
[EventRounds "11"]
[EventCountry "ARG"]
[EventCategory "7"]
[Source "lmi"]
[SourceDate "2006.11.20"]

1. f4 d5 2. Nf3 g6 3. g3 Bg7 4. Bg2 Nh6 5. O-O Nf5 6. d3 d4 7. c4 Nc6 8. Na3
O-O 9. Nc2 a5 10. Qe1 e5 11. g4 Ne3 12. Bxe3 dxe3 13. f5 gxf5 14. gxf5 Bxf5 15.
Nxe5 Nxe5 16. Rxf5 Nxd3 17. Qg3 Ra6 18. Rg5 Rg6 19. Rxg6 hxg6 20. Rd1 Nf4 21.
Re1 Nxg2 22. Kxg2 Qd2 23. Nxe3 Re8 24. Nd5 c6 25. Nf4 Be5 26. Rf1 Bxf4 27. Rxf4
Rxe2+ 28. Kh3 Qd7+ 29. Kh4 Qe7+ 30. Kh3 Qe6+ 31. Kh4 Re5 32. Qg4 Qe7+ 0-1

[Event "4. Magistral Internacional de Pinamar"]
[Site "Pinamar ARG"]
[Date "2006.11.26"]
[Round "8.6"]
[White "Quinteros, Miguel A"]
[Black "Cordova, Emilio"]
[Result "0-1"]
[WhiteElo "2488"]
[BlackElo "2482"]
[PlyCount "78"]
[EventDate "2006.11.20"]
[EventType "tourn"]
[EventRounds "11"]
[EventCountry "ARG"]
[EventCategory "7"]
[Source "lmi"]
[SourceDate "2006.11.20"]

1. d4 Nf6 2. c4 e6 3. g3 c5 4. Nf3 b6 5. d5 Ba6 6. Nfd2 exd5 7. Bg2 g6 8. Nc3
Bg7 9. Nxd5 Nxd5 10. Bxd5 Nc6 11. Ne4 O-O 12. Bg5 Qc7 13. Bf4 Ne5 14. Qa4 Bb7
15. Nc3 Bc6 16. Qb3 Qb7 17. O-O Bxd5 18. Nxd5 Nc6 19. e3 f5 20. Rad1 Rf7 21.
Rd2 Re8 22. Qd1 Ne5 23. Qe2 Nc6 24. Rfd1 Nd4 25. exd4 Rxe2 26. Rxe2 h6 27. dxc5
bxc5 28. h4 Kh7 29. b3 a5 30. Re8 a4 31. Rb8 Qa7 32. Re1 g5 33. hxg5 hxg5 34.
Bc7 axb3 35. axb3 Bd4 36. Kf1 f4 37. gxf4 gxf4 38. Kg2 Qa2 39. Rh1+ Kg7 0-1

[Event "4. Magistral Internacional de Pinamar"]
[Site "Pinamar ARG"]
[Date "2006.11.27"]
[Round "9.1"]
[White "Giaccio, Alfredo"]
[Black "Hungaski, Robert Andrew"]
[Result "1-0"]
[WhiteElo "2462"]
[BlackElo "2366"]
[PlyCount "103"]
[EventDate "2006.11.20"]
[EventType "tourn"]
[EventRounds "11"]
[EventCountry "ARG"]
[EventCategory "7"]
[Source "lmi"]
[SourceDate "2006.11.20"]

1. c4 Nf6 2. Nc3 g6 3. e4 d6 4. d4 Bg7 5. Nf3 O-O 6. h3 e5 7. d5 Na6 8. Be3 Nh5
9. Nd2 Qe8 10. g3 f5 11. exf5 gxf5 12. Be2 Nf6 13. Rg1 c6 14. Nf3 Kh8 15. Qd2
cxd5 16. cxd5 Bd7 17. Nh4 b5 18. Bh6 b4 19. Bxg7+ Kxg7 20. Bxa6 bxc3 21. bxc3
Ne4 22. Qe3 Kh8 23. g4 Nc5 24. Qh6 fxg4 25. Be2 Qf7 26. Rg2 Ne4 27. Bd3 Qf6 28.
Qxf6+ Nxf6 29. hxg4 e4 30. Bc2 Bxg4 31. Kd2 Rg8 32. Rh1 Rg7 33. c4 Rag8 34. Ke3
Bd7 35. Rxg7 Rxg7 36. Bxe4 Ng4+ 37. Ke2 Ne5 38. Bd3 Rg4 39. Nf3 Nxd3 40. Kxd3
Bf5+ 41. Kc3 Rf4 42. Nd4 Rxf2 43. Nxf5 Rxf5 44. Rh6 Rf3+ 45. Kb4 Kg7 46. Rxd6
h5 47. c5 h4 48. c6 Rf7 49. Re6 h3 50. Re2 a5+ 51. Kxa5 Rf5 52. c7 1-0

[Event "4. Magistral Internacional de Pinamar"]
[Site "Pinamar ARG"]
[Date "2006.11.27"]
[Round "9.2"]
[White "Cubas, Jose Fernando"]
[Black "Giardelli, Sergio C"]
[Result "1/2-1/2"]
[WhiteElo "2426"]
[BlackElo "2413"]
[PlyCount "23"]
[EventDate "2006.11.20"]
[EventType "tourn"]
[EventRounds "11"]
[EventCountry "ARG"]
[EventCategory "7"]
[Source "lmi"]
[SourceDate "2006.11.20"]

1. e4 c5 2. Nf3 e6 3. d4 cxd4 4. Nxd4 a6 5. Nc3 Qc7 6. Bd3 Nf6 7. O-O Bc5 8.
Nb3 Be7 9. f4 d6 10. a4 b6 11. Be3 Nbd7 12. Qf3 1/2-1/2

[Event "4. Magistral Internacional de Pinamar"]
[Site "Pinamar ARG"]
[Date "2006.11.27"]
[Round "9.3"]
[White "Lemos, Damian"]
[Black "Kovalyov, Anton"]
[Result "0-1"]
[WhiteElo "2371"]
[BlackElo "2381"]
[PlyCount "92"]
[EventDate "2006.11.20"]
[EventType "tourn"]
[EventRounds "11"]
[EventCountry "ARG"]
[EventCategory "7"]
[Source "lmi"]
[SourceDate "2006.11.20"]

1. d4 d5 2. Nf3 Nf6 3. c4 c6 4. e3 Bg4 5. h3 Bh5 6. Nc3 e6 7. Qb3 Qb6 8. g4 Bg6
9. c5 Qc7 10. Ne5 Nbd7 11. Nxg6 hxg6 12. Bg2 b6 13. cxb6 Nxb6 14. Qc2 Rc8 15.
f4 c5 16. O-O cxd4 17. exd4 Bb4 18. Bd2 Qc4 19. Rae1 Qxd4+ 20. Be3 Bxc3 21.
bxc3 Qxc3 22. Qxc3 Rxc3 23. f5 gxf5 24. gxf5 Ke7 25. a4 Rc7 26. Bd4 Nbd7 27.
Bb2 Re8 28. Ba3+ Kd8 29. Rd1 Nb6 30. Bd6 Rc6 31. Be5 Nbd7 32. Bd4 Ke7 33. Bxa7
Ra8 34. Bf2 Rxa4 35. Rfe1 Kf8 36. Bd4 Kg8 37. Re3 exf5 38. Rg3 Rcc4 39. Bb2 Rc2
40. Bd4 g6 41. Rb3 Raa2 42. Bh1 Rd2 43. Rd3 Rxd1+ 44. Rxd1 Ne4 45. Rb1 Ra4 46.
Be3 d4 0-1

[Event "4. Magistral Internacional de Pinamar"]
[Site "Pinamar ARG"]
[Date "2006.11.27"]
[Round "9.4"]
[White "Jonkman, Harmen"]
[Black "Flores, Diego"]
[Result "1/2-1/2"]
[WhiteElo "2430"]
[BlackElo "2512"]
[PlyCount "91"]
[EventDate "2006.11.20"]
[EventType "tourn"]
[EventRounds "11"]
[EventCountry "ARG"]
[EventCategory "7"]
[Source "lmi"]
[SourceDate "2006.11.20"]

1. e4 c5 2. c3 Nf6 3. e5 Nd5 4. Nf3 e6 5. Bc4 d6 6. d4 cxd4 7. cxd4 Nb6 8. Bd3
dxe5 9. dxe5 Na6 10. Bg5 Be7 11. Bxe7 Qxe7 12. Nc3 Nc5 13. O-O O-O 14. Bc2 Bd7
15. b4 Na6 16. Qd3 f5 17. a3 Rfd8 18. Nd4 Nc7 19. Bb3 Bc6 20. Nxc6 Rxd3 21.
Nxe7+ Kf8 22. Nxf5 exf5 23. Rac1 Rc8 24. Rfd1 Rxd1+ 25. Rxd1 Ke7 26. f4 g5 27.
g3 gxf4 28. gxf4 Ne6 29. Bxe6 Rxc3 30. Bxf5 Rc4 31. Bxh7 Rxf4 32. Bd3 Nd7 33.
Re1 Rf3 34. Be4 Rxa3 35. Bxb7 Rb3 36. e6 Nf8 37. Bc8 Rxb4 38. Ra1 Nxe6 39.
Rxa7+ Kf6 40. Ra6 Re4 41. h4 Kf7 42. h5 Ng5 43. h6 Rf4 44. Kg2 Rf6 45. Ra7+ Kg6
46. Ra6 1/2-1/2

[Event "4. Magistral Internacional de Pinamar"]
[Site "Pinamar ARG"]
[Date "2006.11.27"]
[Round "9.6"]
[White "Cordova, Emilio"]
[Black "Rodriguez, Andres"]
[Result "1-0"]
[WhiteElo "2482"]
[BlackElo "2496"]
[PlyCount "69"]
[EventDate "2006.11.20"]
[EventType "tourn"]
[EventRounds "11"]
[EventCountry "ARG"]
[EventCategory "7"]
[Source "lmi"]
[SourceDate "2006.11.20"]

1. d4 e6 2. Nf3 Nf6 3. g3 c5 4. c4 cxd4 5. Qxd4 Nc6 6. Qf4 d5 7. Bg2 Bd6 8. Qh4
Be7 9. cxd5 Nxd5 10. Qa4 Bd7 11. O-O O-O 12. e4 Ndb4 13. Qd1 Qa5 14. Nc3 Rfd8
15. Qe2 e5 16. a3 Nd4 17. Nxd4 exd4 18. axb4 Qxa1 19. Nd5 Bf8 20. Bg5 Qa4 21.
Bxd8 Rxd8 22. Qd2 Bb5 23. Rc1 d3 24. Qg5 Rxd5 25. Qxd5 Qxb4 26. Rc7 d2 27. Bf3
h6 28. Kg2 Bc6 29. Qxf7+ Kh7 30. Qf5+ Kg8 31. Rc8 Qe7 32. Qf4 g5 33. Qxd2 g4
34. Bxg4 Qxe4+ 35. f3 1-0

[Event "4. Magistral Internacional de Pinamar"]
[Site "Pinamar ARG"]
[Date "2006.11.28"]
[Round "10.1"]
[White "Hungaski, Robert Andrew"]
[Black "Cordova, Emilio"]
[Result "1/2-1/2"]
[WhiteElo "2366"]
[BlackElo "2482"]
[PlyCount "204"]
[EventDate "2006.11.20"]
[EventType "tourn"]
[EventRounds "11"]
[EventCountry "ARG"]
[EventCategory "7"]
[Source "lmi"]
[SourceDate "2006.11.20"]

1. Nf3 Nf6 2. c4 e6 3. Nc3 c5 4. g3 b6 5. Bg2 Bb7 6. O-O Be7 7. Re1 d6 8. e4 a6
9. d4 cxd4 10. Nxd4 Qc7 11. Be3 Nbd7 12. f4 O-O 13. Rc1 Rac8 14. g4 Nc5 15. g5
Nfxe4 16. Nd5 exd5 17. cxd5 f5 18. Nxf5 Rxf5 19. Bxe4 Nxe4 20. Rxc7 Rxc7 21.
Bxb6 Rc4 22. Qg4 Bc8 23. Qe2 Rb4 24. Qc2 Rf8 25. Ba5 Rd4 26. Bb6 Rb4 27. Ba5
Rd4 28. Bb6 Nxg5 29. Bxd4 Nf3+ 30. Kh1 Nxd4 31. Qa4 Bf6 32. Re8 Bb7 33. Kg1
Bxd5 34. Rxf8+ Kxf8 35. Qxa6 Ke7 36. Qa7+ Ke6 37. Qb8 Ne2+ 38. Kf1 Nxf4 39. a4
Bc4+ 40. Ke1 Nd3+ 41. Kd2 Nxb2 42. a5 Bd5 43. a6 Nc4+ 44. Ke2 Ne5 45. a7 Bf3+
46. Kf1 h6 47. Qe8+ Kf5 48. Qf8 Ke6 49. Qe8+ Kf5 50. Qf8 Ke6 51. h4 Bc6 52.
Qc8+ Kf7 53. h5 d5 54. Qxc6 Nxc6 55. a8=Q Ne7 56. Qa6 Be5 57. Ke2 Bf6 58. Kf3
Be5 59. Ke3 Nf5+ 60. Kd3 Ne7 61. Kc2 Bf6 62. Kb3 Nf5 63. Ka4 Ke7 64. Qc6 Nd4
65. Qxd5 Ne6 66. Ka5 Bc3+ 67. Kb6 Bd4+ 68. Kc6 Nd8+ 69. Kc7 Ne6+ 70. Kc8 Bc5
71. Kb7 Bd4 72. Kc6 Nd8+ 73. Kb5 Ne6 74. Kc4 Kf6 75. Qf3+ Ke5 76. Qg3+ Kf5 77.
Qf3+ Ke5 78. Qe2+ Kf5 79. Qf1+ Ke5 80. Qe1+ Kd6 81. Qg3+ Kc6 82. Qf3+ Kd6 83.
Qf5 Be5 84. Qb1 Nf4 85. Qb8+ Ke6 86. Qf8 Bf6 87. Qc8+ Ke5 88. Qg4 Bg5 89. Qf3
Bf6 90. Kc5 Kf5 91. Kd6 Kg5 92. Qg3+ Kf5 93. Qf3 Kg5 94. Qg3+ Kf5 95. Qh2 Kg4
96. Qd2 Nxh5 97. Qe2+ Kg5 98. Qg2+ Kf5 99. Qh3+ Kg5 100. Qg2+ Kh4 101. Qh2+ Kg4
102. Qe2+ Kg5 1/2-1/2

[Event "4. Magistral Internacional de Pinamar"]
[Site "Pinamar ARG"]
[Date "2006.11.28"]
[Round "10.2"]
[White "Giardelli, Sergio C"]
[Black "Giaccio, Alfredo"]
[Result "1/2-1/2"]
[WhiteElo "2413"]
[BlackElo "2462"]
[PlyCount "27"]
[EventDate "2006.11.20"]
[EventType "tourn"]
[EventRounds "11"]
[EventCountry "ARG"]
[EventCategory "7"]
[Source "lmi"]
[SourceDate "2006.11.20"]

1. d4 d5 2. Nf3 c6 3. c3 Bf5 4. Bf4 Qb6 5. Qb3 h6 6. e3 Nd7 7. Be2 Ngf6 8. h3
a5 9. O-O a4 10. Qxb6 Nxb6 11. a3 e6 12. Nbd2 Ne4 13. Nxe4 Bxe4 14. Nd2 1/2-1/2

[Event "4. Magistral Internacional de Pinamar"]
[Site "Pinamar ARG"]
[Date "2006.11.28"]
[Round "10.3"]
[White "Kovalyov, Anton"]
[Black "Cubas, Jose Fernando"]
[Result "0-1"]
[WhiteElo "2381"]
[BlackElo "2426"]
[PlyCount "106"]
[EventDate "2006.11.20"]
[EventType "tourn"]
[EventRounds "11"]
[EventCountry "ARG"]
[EventCategory "7"]
[Source "lmi"]
[SourceDate "2006.11.20"]

1. c4 e5 2. Nc3 Nf6 3. Nf3 Nc6 4. a3 d5 5. cxd5 Nxd5 6. Qc2 Be7 7. e3 Nxc3 8.
bxc3 O-O 9. d4 Bd6 10. Bb2 Qe7 11. Be2 Bd7 12. O-O Rae8 13. Rfe1 f5 14. c4 b6
15. c5 bxc5 16. dxc5 Bxc5 17. Bb5 Rb8 18. Bxc6 Bxc6 19. Nxe5 Be4 20. Qc4+ Kh8
21. Bd4 Bd6 22. f4 c5 23. Bc3 Qb7 24. Qe2 Be7 25. Rad1 Bf6 26. Ba1 Qb3 27. Nd7
Bxa1 28. Rxa1 c4 29. Rec1 c3 30. Nxf8 Rxf8 31. Rd1 c2 32. Re1 Rd8 33. Rac1 h6
34. Rf1 Qc3 35. Rf2 Qxa3 36. Rxc2 Bxc2 37. Qxc2 Qxe3 38. h3 a5 39. Kh2 a4 40.
Rf3 Qe4 41. Qc7 Re8 42. Ra3 Kh7 43. Qd6 Re6 44. Qd2 Rb6 45. Ra1 Rb4 46. Kg3
Rb3+ 47. Kh2 a3 48. Re1 Qa4 49. Qd6 a2 50. Qe5 Qb5 51. Qe6 Qd3 52. Rd1 Qg3+ 53.
Kh1 Rb1 0-1

[Event "4. Magistral Internacional de Pinamar"]
[Site "Pinamar ARG"]
[Date "2006.11.28"]
[Round "10.4"]
[White "Flores, Diego"]
[Black "Lemos, Damian"]
[Result "1-0"]
[WhiteElo "2512"]
[BlackElo "2371"]
[PlyCount "85"]
[EventDate "2006.11.20"]
[EventType "tourn"]
[EventRounds "11"]
[EventCountry "ARG"]
[EventCategory "7"]
[Source "lmi"]
[SourceDate "2006.11.20"]

1. c4 d6 2. Nc3 g6 3. g3 Bg7 4. Bg2 e5 5. e4 Nc6 6. Nge2 f5 7. d3 Nf6 8. O-O
O-O 9. Rb1 Be6 10. b3 Qd7 11. Nd5 Rf7 12. Bb2 fxe4 13. dxe4 Raf8 14. Qd3 Bh3
15. f3 Ne8 16. Rbd1 Bxg2 17. Kxg2 Nd8 18. Bc1 Ne6 19. Be3 a6 20. b4 h5 21. h3
c6 22. Nb6 Qc7 23. c5 dxc5 24. bxc5 h4 25. Nd7 hxg3 26. Nxf8 Bxf8 27. Qc4 N8g7
28. f4 exf4 29. Nxf4 Qe5 30. Nxg6 Qh5 31. Nf4 Qe5 32. Nxe6 Nxe6 33. Rxf7 Kxf7
34. Rd7+ Kg6 35. Rxb7 Bh6 36. Re7 Qb2+ 37. Kxg3 Qe5+ 38. Kg2 Qb2+ 39. Kh1 Qa1+
40. Bc1 Ng5 41. Re6+ Kg7 42. Rxh6 Kxh6 43. h4 1-0

[Event "4. Magistral Internacional de Pinamar"]
[Site "Pinamar ARG"]
[Date "2006.11.28"]
[Round "10.5"]
[White "Rodi, Luis Ernesto"]
[Black "Jonkman, Harmen"]
[Result "1/2-1/2"]
[WhiteElo "2283"]
[BlackElo "2430"]
[PlyCount "261"]
[EventDate "2006.11.20"]
[EventType "tourn"]
[EventRounds "11"]
[EventCountry "ARG"]
[EventCategory "7"]
[Source "lmi"]
[SourceDate "2006.11.20"]

1. e4 e5 2. Nf3 Nc6 3. d4 exd4 4. Nxd4 Bc5 5. Nxc6 Qf6 6. Qd2 dxc6 7. Nc3 Bd4
8. Bd3 Ne7 9. O-O Bb6 10. Ne2 Ng6 11. Ng3 Ne5 12. Be2 O-O 13. Qf4 Qxf4 14. Bxf4
Ng6 15. Bd2 Bd4 16. c3 Bc5 17. Rfd1 Be6 18. Nf5 Rfe8 19. Nd4 Bxd4 20. cxd4 f5
21. f3 Rad8 22. Bg5 Rd7 23. b3 Bf7 24. e5 Nf8 25. Be3 Red8 26. Bg5 Ra8 27. Be3
a5 28. Bd3 g6 29. Rd2 Bd5 30. Be2 Ne6 31. Rad1 Kf7 32. Kf1 Rdd8 33. Bc4 a4 34.
Bxd5 cxd5 35. b4 Ke7 36. Rc1 Kd7 37. Rdc2 f4 38. Bf2 g5 39. Ke2 Rg8 40. Rh1 h5
41. h3 Rg7 42. Rcc1 Rag8 43. Kd3 Rh8 44. Rb1 Kc6 45. b5+ Kb6 46. Rb4 Ra8 47.
Rc1 Ra5 48. Rcb1 g4 49. hxg4 hxg4 50. Rh1 g3 51. Be1 Rxb5 52. Rh6 Re7 53. Rxa4
Re8 54. Rb4 Rxb4 55. Bxb4 Kb5 56. Bd2 b6 57. Rf6 c5 58. Bxf4 Nxd4 59. Bxg3 Ra8
60. e6 Ra3+ 61. Kd2 Rxa2+ 62. Kd3 Ra3+ 63. Kd2 Ra2+ 64. Kd3 Re2 65. f4 Rxg2 66.
Bh4 Re2 67. f5 Re4 68. Bf2 c4+ 69. Kc3 Ne2+ 70. Kc2 d4 71. Rf8 Nf4 72. Bxd4
Nxe6 73. fxe6 Rxe6 74. Kc3 Rc6 75. Ra8 Rh6 76. Re8 Rc6 77. Re5+ Ka4 78. Re1 Kb5
79. Ra1 Rh6 80. Rb1+ Ka6 81. Kxc4 Rc6+ 82. Kd5 Rh6 83. Be5 Kb7 84. Rc1 Rh7 85.
Rc2 Rd7+ 86. Bd6 Rh7 87. Rg2 Rh1 88. Rg7+ Ka6 89. Be5 Rh6 90. Bd6 Rh1 91. Bf4
Rh3 92. Rg8 Rd3+ 93. Kc4 Rf3 94. Be5 Re3 95. Kd5 Re1 96. Ra8+ Kb7 97. Rb8+ Ka7
98. Re8 Ka6 99. Re6 Kb7 100. Rh6 Rd1+ 101. Bd4 Rb1 102. Rh7+ Ka6 103. Rf7 Rc1
104. Rf3 Kb7 105. Bc3 Rd1+ 106. Kc4 Rd6 107. Rf5 Rc6+ 108. Kb4 Ka6 109. Rf1 Rd6
110. Be5 Rh6 111. Bf6 Rh5 112. Bd4 Rh4 113. Kc4 Rh6 114. Ra1+ Kb7 115. Kd5 Rg6
116. Rh1 Ka7 117. Be5 Kb7 118. Rh7+ Ka6 119. Bd6 Rg2 120. Kc6 Rc2+ 121. Kd7 Rc1
122. Rh8 Rd1 123. Kc7 Rc1+ 124. Kb8 Rg1 125. Ka8 Rg6 126. Bb8 Rf6 127. Rh7 Rg6
128. Ra7+ Kb5 129. Kb7 Rh6 130. Bc7 Rg6 131. Ra1 1/2-1/2

[Event "4. Magistral Internacional de Pinamar"]
[Site "Pinamar ARG"]
[Date "2006.11.28"]
[Round "10.6"]
[White "Quinteros, Miguel A"]
[Black "Rodriguez, Andres"]
[Result "0-1"]
[WhiteElo "2488"]
[BlackElo "2496"]
[PlyCount "108"]
[EventDate "2006.11.20"]
[EventType "tourn"]
[EventRounds "11"]
[EventCountry "ARG"]
[EventCategory "7"]
[Source "lmi"]
[SourceDate "2006.11.20"]

1. d4 f5 2. g3 Nf6 3. Bg2 d6 4. Nf3 g6 5. O-O Bg7 6. b3 O-O 7. Bb2 Qe8 8. Nbd2
Nc6 9. Nc4 e6 10. e3 b5 11. Ncd2 Rb8 12. c4 bxc4 13. Nxc4 Nb4 14. a3 Nbd5 15.
Nfd2 g5 16. Qc2 Qh5 17. f3 Bd7 18. Rae1 f4 19. g4 Qf7 20. e4 Ne7 21. e5 Ne8 22.
Rf2 Nc6 23. Bc3 Qe7 24. b4 Qd8 25. Bf1 Ne7 26. Bd3 h6 27. Be4 Qc8 28. Bb2 Nd5
29. Nb3 Ba4 30. Nca5 Ne3 31. Qd3 Qd7 32. Rc1 Rb6 33. Rd2 Kh8 34. Qb1 Bb5 35.
Bd3 a6 36. Be4 Ba4 37. Qd3 Rf7 38. Bg6 Re7 39. Qe2 Bb5 40. Qf2 Qd8 41. h4 gxh4
42. Qxh4 Rd7 43. Qh5 Rb8 44. Bb1 Kg8 45. Qg6 Qh4 46. Qxe6+ Kh8 47. Qg6 Qg3+ 48.
Kh1 Qxf3+ 49. Kg1 Qg3+ 50. Kh1 Kg8 51. e6 Be2 52. Be4 f3 53. Rxe2 fxe2 54. exd7
Nf6 0-1

[Event "4. Magistral Internacional de Pinamar"]
[Site "Pinamar ARG"]
[Date "2006.11.29"]
[Round "11.1"]
[White "Rodriguez, Andres"]
[Black "Hungaski, Robert Andrew"]
[Result "1-0"]
[WhiteElo "2496"]
[BlackElo "2366"]
[PlyCount "63"]
[EventDate "2006.11.20"]
[EventType "tourn"]
[EventRounds "11"]
[EventCountry "ARG"]
[EventCategory "7"]
[Source "lmi"]
[SourceDate "2006.11.20"]

1. d4 d5 2. Nf3 Nf6 3. e3 e6 4. b3 c5 5. Bb2 Nc6 6. Nbd2 Bd6 7. c4 O-O 8. cxd5
exd5 9. dxc5 Bxc5 10. Rc1 Bd6 11. Bd3 Re8 12. O-O Ne4 13. Nd4 Qh4 14. g3 Qh3
15. Nxc6 bxc6 16. Nxe4 dxe4 17. Be2 Qd7 18. Rc4 c5 19. b4 Rb8 20. bxc5 Rxb2 21.
cxd6 Rxe2 22. Qxe2 Ba6 23. Rd1 Qe6 24. Rdd4 Rd8 25. d7 f5 26. g4 Rxd7 27. Qd1
Re7 28. Rc5 Bd3 29. Rd8+ Re8 30. gxf5 Qe7 31. Rxe8+ Qxe8 32. Qb3+ 1-0